| 000 | 00949nam0a22002651 4500 | ||
|---|---|---|---|
| 001 | RU\INFOCOMM_322\NLR\5000217208 | ||
| 005 | 20250613111959.0 | ||
| 035 | _a(NLR Aleph) 009600486 | ||
| 090 |
_a9307643 _c9307643 |
||
| 100 | _a20130308d1980 |||y0rusy50 ca | ||
| 101 | 0 | _aeng | |
| 102 | _aRU | ||
| 105 | _ay z ||||| | ||
| 200 | 1 |
_aNew species of methanotrophic bacteria methylocystis _fV. F. Galchenko, A. I. Nesterov, L. V. Andreev, Yu. A. Trotsenko |
|
| 210 |
_aPushchino _cSci. centre of biol. research of the Acad. of sciences of the USSR _d1980 |
||
| 215 |
_a26 с. _cил. _d21 см |
||
| 225 | 1 |
_aPreprint _fUSSR Acad. of sciences. Biol. research centre, Inst. of biochemistry a physiology of microorganisms |
|
| 320 | _aБиблиогр.: с. 23-26 | ||
| 620 | _aПущино | ||
| 686 |
_aЕ492.2 _2rubbk |
||
| 801 | 1 |
_aRU _bInfocomm _c20130308 |
|
| 801 | 0 |
_aRU _bINFOCOMM _gPSBO |
|
| 852 |
_aNLR _jМк01 Д-4/41 |
||
| 942 | _cBOOK | ||
| 980 | _aNB | ||